Лексика моди на матеріалі публіцистичних текстів (Запис № 282609)

МАРК-запис
000 -LEADER
fixed length control field 01356nam a22001577a 4500
041 ## - LANGUAGE CODE
Language code of text/sound track or separate title ukr
080 ## - UNIVERSAL DECIMAL CLASSIFICATION NUMBER
Universal Decimal Classification number 09
090 ## - LOCALLY ASSIGNED LC-TYPE CALL NUMBER (OCLC); LOCAL CALL NUMBER (OCLC)
Local cutter number (OCLC) ; Book number/undivided call number, CALL (RLIN) СЛИ
100 ## - MAIN ENTRY--PERSONAL NAME
Personal name Слисюк О. Я.
245 ## - TITLE STATEMENT
Title Лексика моди на матеріалі публіцистичних текстів
260 ## - PUBLICATION, DISTRIBUTION, ETC. (IMPRINT)
Place of publication, distribution, etc Острог
Name of publisher, distributor, etc КАФ
Date of publication, distribution, etc 2004
300 ## - PHYSICAL DESCRIPTION
Extent 47
520 ## - SUMMARY, ETC.
Summary, etc Розділ 1. Основні теоретичні поняття лексико-семантичного поля.<br/>1.1. Суть поняття "лексико-семантичне поле".<br/>1.2. Семантичне групування лексики та будова семантичного поля.<br/>1.3. Таксономічна структура лексико-семантичного поля.<br/>1.4. Тематичні групи.<br/>Розділ 2. Лексико-семантичне поле моди.<br/>2.1. Структура лексико-семантичного поля моди.<br/>2.2. Лексико-семантична група "одяг".<br/>2.3. Особливості вживання лексики моди у публіцистичній літературі.<br/>2.4. Структурне групування лексико-семантичного поля моди.
-- лексикологія, лексико-семантичне поле
650 ## - SUBJECT ADDED ENTRY--TOPICAL TERM
Topical term or geographic name as entry element Research Papers
942 ## - ADDED ENTRY ELEMENTS (KOHA)
Koha item type Книги
Фонди
Withdrawn status Lost status Source of classification or shelving scheme Damaged status Not for loan Home library Current library Date acquired Source of acquisition Coded location qualifier Cost, normal purchase price Total Checkouts Full call number Barcode Date last seen Price effective from Koha item type
    Universal Decimal Classification     ВІЛ - Відділ іноземн. літератури НБ ВІЛ - Відділ іноземн. літератури НБ 08/08/2005 Акт В12 1.00   09 210171 20/12/2021 16/12/2004 Книги